[Event "Austin AGCA GM"]
[Site "Austin"]
[Date "2024.01.13"]
[Round "4"]
[White "Dragun, Kamil"]
[Black "Dudin, Gleb"]
[Result "1/2-1/2"]
[WhiteElo "2553"]
[BlackElo "2533"]
[PlyCount "59"]
[EventDate "2024.01.11"]
[EventType "tourn"]
[EventRounds "9"]
[EventCountry "USA"]
[EventCategory "7"]
[SourceTitle "CB04_2024"]
[SourceDate "2023.10.16"]
[SourceVersion "1"]
[SourceVersionDate "2023.10.16"]
[SourceQuality "1"]

1. d4 Nf6 2. c4 e6 3. Nc3 d5 4. cxd5 exd5 5. Bg5 Be7 6. e3 h6 7. Bh4 0-0 8. Bd3 c6 9. Qc2 Re8 10. Nf3 Ne4 11. Bg3 Bf5 12. Bxe4 Bxe4 13. Nxe4 dxe4 14. Ne5 Nd7 15. 0-0 Nxe5 16. dxe5 Qd3 17. Qa4 Red8 18. h4 a5 19. Rfd1 Qe2 20. Rxd8+ Rxd8 21. Qxe4 Qxb2 22. Rb1 Qxa2 23. Rxb7 Qe6 24. Rc7 Rc8 25. Ra7 Bb4 26. Kh2 Qd5 27. Qg4 Qe6 28. Qe4 Qd5 29. Qg4 Qe6 30. Qe4 1/2-1/2

[Event "Austin AGCA GM"]
[Site "Austin"]
[Date "2024.01.12"]
[Round "2"]
[White "Eidelman, Gabriel"]
[Black "Dudin, Gleb"]
[Result "1/2-1/2"]
[WhiteElo "2343"]
[BlackElo "2533"]
[PlyCount "94"]
[EventDate "2024.01.11"]
[EventType "tourn"]
[EventRounds "9"]
[EventCountry "USA"]
[EventCategory "7"]
[SourceTitle "CB04_2024"]
[SourceDate "2023.10.16"]
[SourceVersion "1"]
[SourceVersionDate "2023.10.16"]
[SourceQuality "1"]

1. Nf3 c5 2. c4 Nf6 3. Nc3 Nc6 4. g3 d5 5. d4 e6 6. cxd5 Nxd5 7. Bg2 Be7 8. 0-0 Nxc3 9. bxc3 0-0 10. e4 cxd4 11. cxd4 Bf6 12. Be3 b6 13. e5 Be7 14. Nd2 Bb7 15. Qg4 Kh8 16. f4 f5 17. exf6 Bxf6 18. Nb3 Qe7 19. Bf2 Rfe8 20. Rfe1 Qf7 21. Rad1 Nb4 22. Bxb7 Qxb7 23. Rxe6 Qd5 24. Rde1 Rxe6 25. Qxe6 Qxe6 26. Rxe6 Kg8 27. Re2 Rc8 28. g4 Kf7 29. a3 Nd5 30. f5 Rc3 31. Rb2 Be7 32. a4 h6 33. a5 Nf6 34. axb6 axb6 35. Nd2 Bd8 36. h3 Rxh3 37. Kg2 Rc3 38. Nf3 Nxg4 39. Ne5+ Nxe5 40. dxe5 Rc6 41. Kf3 g6 42. Ke4 gxf5+ 43. Kxf5 h5 44. Rd2 Ke8 45. Rd4 Rc2 46. Bh4 Bxh4 47. Rxh4 Rc6 1/2-1/2

[Event "Pan American Intercollegiate-chT"]
[Site "McAllen"]
[Date "2024.01.05"]
[Round "3.2"]
[White "Dudin, Gleb"]
[Black "Hakobyan, Aram"]
[Result "1/2-1/2"]
[WhiteElo "2533"]
[BlackElo "2616"]
[PlyCount "74"]
[EventDate "2024.01.04"]
[EventType "team-swiss"]
[EventRounds "6"]
[EventCountry "USA"]
[SourceTitle "CB02_2024"]
[SourceDate "2024.01.10"]
[SourceVersion "1"]
[SourceVersionDate "2024.01.10"]
[SourceQuality "1"]
[WhiteTeam "Texas Rio Grande Valley Univ"]
[BlackTeam "Webster Univ"]
[WhiteTeamCountry "USA"]
[BlackTeamCountry "USA"]

1. c4 Nf6 2. Nf3 e6 3. g3 d5 4. Bg2 Be7 5. d4 0-0 6. Nc3 Nc6 7. Ne5 Nxe5 8. dxe5 Nd7 9. cxd5 Nxe5 10. 0-0 exd5 11. Nxd5 Bd6 12. Qc2 c6 13. Nc3 Qe7 14. Rd1 Rd8 15. Bf4 Be6 16. Ne4 Bf5 17. Qb3 Bxe4 18. Bxe4 Bc5 19. Qc2 Ng4 20. Bxh7+ Kh8 21. e3 g5 22. Bf5 gxf4 23. Bxg4 fxe3 24. Qc3+ Kg8 25. fxe3 Qg5 26. Bf3 Re8 27. Re1 Re6 28. Kg2 Bxe3 29. Qb3 Rae8 30. Qxb7 Bb6 31. Rxe6 Qd2+ 32. Re2 Rxe2+ 33. Bxe2 Qxe2+ 34. Kh3 Qh5+ 35. Kg2 Qe2+ 36. Kh3 Qh5+ 37. Kg2 Qe2+ 1/2-1/2

[Event "US Masters op"]
[Site "Charlotte"]
[Date "2023.11.25"]
[Round "7"]
[White "Salinas Herrera, Pablo Patricio"]
[Black "Dudin, Gleb"]
[Result "0-1"]
[WhiteElo "2463"]
[BlackElo "2537"]
[PlyCount "106"]
[EventDate "2023.11.22"]
[EventType "swiss"]
[EventRounds "9"]
[EventCountry "USA"]
[SourceTitle "CB48_2023"]
[SourceDate "2023.11.29"]
[SourceVersion "1"]
[SourceVersionDate "2023.11.29"]
[SourceQuality "1"]

1. e4 c5 2. Nf3 e6 3. Bd3 Nc6 4. c3 d5 5. 0-0 Nf6 6. e5 Ng4 7. Bb5 Bd7 8. Bxc6 Bxc6 9. d4 h5 10. Bg5 Qb6 11. Qd2 f6 12. exf6 gxf6 13. Bh4 0-0-0 14. Re1 e5 15. dxe5 d4 16. exf6 Bh6 17. Qc2 d3 18. Qd1 Qxb2 19. Nbd2 Rhf8 20. f7 Rxf7 21. Nc4 Qxc3 22. Nfe5 Nxe5 23. Nxe5 d2 24. Nxf7 dxe1Q+ 25. Qxe1 Bd2 26. Qe5 Qxe5 27. Nxe5 Rd6 28. Be7 Re6 29. Nxc6 Rxc6 30. Rd1 Bh6 31. h4 c4 32. Bg5 c3 33. Rc1 Bg7 34. Re1 Bf6 35. Bxf6 Rxf6 36. Rc1 Rc6 37. Kf1 b5 38. a3 a5 39. Ke2 b4 40. axb4 axb4 41. Kd3 Kb7 42. Kc2 Kb6 43. Kb3 Kc5 44. Re1 Ra6 45. Re5+ Kd4 46. Re8 Ra1 47. Rd8+ Ke4 48. f3+ Ke3 49. g4 Rb1+ 50. Kc2 Rb2+ 51. Kc1 Rg2 52. Rb8 Kd3 53. Rd8+ Kc4 0-1

[Event "Budapest FS08 GM"]
[Site "Budapest"]
[Date "2023.08.14"]
[Round "8"]
[White "Neverov, Valeriy"]
[Black "Dudin, Gleb"]
[Result "1/2-1/2"]
[WhiteElo "2405"]
[BlackElo "2537"]
[PlyCount "80"]
[EventDate "2023.08.05"]
[EventType "tourn"]
[EventRounds "9"]
[EventCountry "HUN"]
[EventCategory "7"]
[SourceTitle "CBM 215 Extra"]
[Source "ChessBase"]
[SourceDate "2023.09.30"]
[SourceVersion "1"]
[SourceVersionDate "2023.09.30"]
[SourceQuality "1"]

1. d4 Nf6 2. c4 e6 3. Nc3 d5 4. Bg5 dxc4 5. e3 a6 6. Bxc4 c5 7. Nf3 b5 8. Bb3 Bb7 9. 0-0 Nbd7 10. d5 c4 11. dxe6 fxe6 12. Bc2 Qb6 13. Qe2 Bd6 14. Rad1 0-0 15. e4 Ne5 16. Be3 Qc7 17. Nxe5 Bxe5 18. f4 Bxc3 19. bxc3 Nxe4 20. Bd4 Qc6 21. Rde1 Nc5 22. Rf3 Nd3 23. Rg3 Rf7 24. Bxd3 cxd3 25. Qxd3 Rd8 26. Re5 b4 27. Rh5 Qe4 28. Qxe4 Bxe4 29. h3 Bf5 30. Rhg5 Rxd4 31. cxd4 h6 32. Rh5 Kh7 33. Rb3 g6 34. Rxf5 Rxf5 35. Rxb4 Rxf4 36. Rb7+ Kg8 37. Rb6 Rxd4 38. Rxe6 Ra4 39. Rxg6+ Kh7 40. Rc6 Rxa2 1/2-1/2

[Event "Budapest FS08 GM"]
[Site "Budapest"]
[Date "2023.08.12"]
[Round "7"]
[White "Dudin, Gleb"]
[Black "Arhan, Chethan Anand"]
[Result "1/2-1/2"]
[WhiteElo "2537"]
[BlackElo "2341"]
[PlyCount "64"]
[EventDate "2023.08.05"]
[EventType "tourn"]
[EventRounds "9"]
[EventCountry "HUN"]
[EventCategory "7"]
[SourceTitle "CBM 215 Extra"]
[Source "ChessBase"]
[SourceDate "2023.09.30"]
[SourceVersion "1"]
[SourceVersionDate "2023.09.30"]
[SourceQuality "1"]

1. e4 c5 2. Nf3 d6 3. d4 cxd4 4. Nxd4 Nf6 5. Nc3 Nc6 6. Bg5 e6 7. Qd3 Bd7 8. Ndb5 Nb4 9. Qd1 Qb8 10. Bxf6 gxf6 11. Be2 a6 12. Nd4 Nc6 13. 0-0 Be7 14. Kh1 Nxd4 15. Qxd4 Qa7 16. Qd2 h5 17. f4 Qc5 18. f5 h4 19. h3 Qe5 20. Bg4 Bd8 21. fxe6 fxe6 22. Ne2 Ba5 23. c3 0-0-0 24. Qd4 Rh6 25. Nf4 Bc7 26. Rad1 Kb8 27. Qxe5 fxe5 28. Nh5 Rdh8 29. Nf6 Bb5 30. Rf2 Bb6 31. Rf3 Be2 32. Rxd6 Bxf3 1/2-1/2

[Event "Budapest FS08 GM"]
[Site "Budapest"]
[Date "2023.08.09"]
[Round "5"]
[White "Dudin, Gleb"]
[Black "Levine, Joseph1111"]
[Result "1/2-1/2"]
[WhiteElo "2537"]
[BlackElo "2371"]
[PlyCount "136"]
[EventDate "2023.08.05"]
[EventType "tourn"]
[EventRounds "9"]
[EventCountry "HUN"]
[EventCategory "7"]
[SourceTitle "CBM 215 Extra"]
[Source "ChessBase"]
[SourceDate "2023.09.30"]
[SourceVersion "1"]
[SourceVersionDate "2023.09.30"]
[SourceQuality "1"]

1. c4 e6 2. g3 Nf6 3. Bg2 d5 4. Nf3 dxc4 5. Qa4+ Nbd7 6. Qxc4 a6 7. Qc2 c5 8. Nc3 Qc7 9. d4 b5 10. Bf4 Bd6 11. Bxd6 Qxd6 12. Ne4 Nxe4 13. Qxe4 Rb8 14. dxc5 Qxc5 15. 0-0 Bb7 16. Qf4 0-0 17. Rac1 Qb6 18. Qc7 Qxc7 19. Rxc7 Nb6 20. Ne5 Bxg2 21. Kxg2 Nd5 22. Rc5 Rbd8 23. Rfc1 f6 24. Nd3 Rd6 25. Rc6 Rfd8 26. Rxd6 Rxd6 27. Rc8+ Kf7 28. Ra8 e5 29. a3 Ne7 30. Ra7 e4 31. Nc5 Rd2 32. Nxe4 Rxe2 33. Nd6+ Kg6 34. b4 Nd5 35. g4 h5 36. gxh5+ Kxh5 37. Rxg7 Ra2 38. Rg3 Nf4+ 39. Kf3 Ne6 40. Rh3+ Kg6 41. Rg3+ Kh5 42. Ne8 f5 43. Ng7+ Nxg7 44. Rxg7 Rxa3+ 45. Kf4 Kh6 46. Rb7 Rb3 47. Rb6+ Kg7 48. Rxa6 Rxb4+ 49. Kxf5 Rb2 50. Ra7+ Kf8 51. f4 Rxh2 52. Kg6 Rc2 53. f5 Ke8 54. Rb7 Rb2 55. Rb8+ Kd7 56. f6 Rg2+ 57. Kf7 Kc6 58. Re8 Kc5 59. Re5+ Kc4 60. Ke6 Rg6 61. Kf7 Rg1 62. Ke7 Rf1 63. f7 b4 64. Re6 b3 65. f8Q Rxf8 66. Kxf8 b2 67. Rb6 Kc3 68. Rxb2 Kxb2 1/2-1/2

[Event "Budapest FS08 GM"]
[Site "Budapest"]
[Date "2023.08.07"]
[Round "3"]
[White "Dudin, Gleb"]
[Black "Setyaki, Azarya Jodi"]
[Result "1-0"]
[WhiteElo "2537"]
[BlackElo "2401"]
[PlyCount "83"]
[EventDate "2023.08.05"]
[EventType "tourn"]
[EventRounds "9"]
[EventCountry "HUN"]
[EventCategory "7"]
[SourceTitle "CBM 215 Extra"]
[Source "ChessBase"]
[SourceDate "2023.09.30"]
[SourceVersion "1"]
[SourceVersionDate "2023.09.30"]
[SourceQuality "1"]

1. e4 e5 2. Nf3 Nc6 3. Bb5 a6 4. Ba4 Nf6 5. 0-0 d6 6. c3 Bd7 7. Re1 g6 8. d4 Bg7 9. h3 0-0 10. Bc2 Nh5 11. a4 Qe8 12. dxe5 dxe5 13. Be3 Kh8 14. a5 f5 15. Nbd2 f4 16. Bc5 Rf6 17. Bb3 h6 18. Bd5 g5 19. Nh2 Bf8 20. Bxf8 Rxf8 21. Nc4 Nf6 22. Qb3 Rb8 23. Qa3 Na7 24. Qc5 Nb5 25. Nf3 c6 26. Ncxe5 cxd5 27. exd5 Qc8 28. Ng6+ Kg7 29. Qxf8+ Qxf8 30. Nxf8 Kxf8 31. c4 Nd6 32. Rac1 Rc8 33. Ne5 Be8 34. c5 Nb5 35. c6 bxc6 36. dxc6 Rc7 37. Nd3 Nd4 38. Nb4 Rc8 39. Nxa6 Nb3 40. Rc3 Nxa5 41. c7 Bd7 42. Nc5 1-0

[Event "Budapest FS08 GM"]
[Site "Budapest"]
[Date "2023.08.05"]
[Round "1"]
[White "Dudin, Gleb"]
[Black "Mirzoev, Azer"]
[Result "1/2-1/2"]
[WhiteElo "2537"]
[BlackElo "2417"]
[PlyCount "71"]
[EventDate "2023.08.05"]
[EventType "tourn"]
[EventRounds "9"]
[EventCountry "HUN"]
[EventCategory "7"]
[SourceTitle "CBM 215 Extra"]
[Source "ChessBase"]
[SourceDate "2023.09.30"]
[SourceVersion "1"]
[SourceVersionDate "2023.09.30"]
[SourceQuality "1"]

1. c4 c6 2. Nf3 d5 3. g3 Nf6 4. Bg2 g6 5. b3 Bg7 6. Bb2 0-0 7. 0-0 b6 8. d4 Bb7 9. Ne5 Nbd7 10. Nc3 Re8 11. e3 e6 12. f4 c5 13. g4 cxd4 14. exd4 Ne4 15. Nxe4 dxe4 16. g5 h6 17. Qe2 hxg5 18. Bxe4 Bxe4 19. Qxe4 gxf4 20. Qxf4 Nxe5 21. dxe5 Qc7 22. Rad1 Red8 23. h4 Rxd1 24. Rxd1 Rd8 25. Rxd8+ Qxd8 26. Bd4 Bf8 27. Kg2 Bc5 28. Bxc5 bxc5 29. Qf2 Qc7 30. Qe3 Qa5 31. a4 Qc7 32. Kh3 Qc6 33. Kg3 Qb6 34. Kg4 Qb7 35. Kg3 Kg7 36. h5 1/2-1/2

[Event "TUR-chT 1st League"]
[Site "Denizli"]
[Date "2023.07.10"]
[Round "2.31"]
[White "Dudin, Gleb"]
[Black "Stoyanov, Tsvetan"]
[Result "1-0"]
[WhiteElo "2498"]
[BlackElo "2454"]
[PlyCount "61"]
[EventDate "2023.07.09"]
[EventType "team-swiss"]
[EventRounds "9"]
[EventCountry "TUR"]
[SourceTitle "CBM 215 Extra"]
[Source "ChessBase"]
[SourceDate "2023.09.30"]
[SourceVersion "1"]
[SourceVersionDate "2023.09.30"]
[SourceQuality "1"]
[WhiteTeam "Alacati Satranc"]
[BlackTeam "Gokyay Vakfi"]
[WhiteTeamCountry "TUR"]
[BlackTeamCountry "TUR"]

1. d4 d5 2. c4 e5 3. dxe5 d4 4. Nf3 Nc6 5. Nbd2 Nge7 6. Nb3 Ng6 7. Nbxd4 Ncxe5 8. Bd2 c5 9. Nxe5 Nxe5 10. Nf3 Nxf3+ 11. gxf3 Qc7 12. Bc3 Be6 13. e3 Bd6 14. f4 Qc6 15. Rg1 0-0-0 16. Qc2 Bxf4 17. Rxg7 Rhe8 18. Bg2 Qc7 19. Qe4 Bd7 20. Qxh7 Rh8 21. Qe4 Rde8 22. Qxb7+ Qxb7 23. Bxb7+ Kxb7 24. Rxf7 Rxh2 25. 0-0-0 Bb8 26. Rdxd7+ Kc6 27. Rd5 Re6 28. Ba5 Rh4 29. b3 Rh1+ 30. Rd1 Rh8 31. Rd8 1-0

[Event "Budapest SixDays 05 GM-A"]
[Site "Budapest"]
[Date "2023.05.28"]
[Round "2"]
[White "Dudin, Gleb"]
[Black "Can, Isik"]
[Result "1-0"]
[WhiteElo "2475"]
[BlackElo "2505"]
[PlyCount "49"]
[EventDate "2023.05.27"]
[EventType "tourn"]
[EventRounds "9"]
[EventCountry "HUN"]
[EventCategory "9"]
[SourceTitle "CBM 214 Extra"]
[Source "ChessBase"]
[SourceDate "2023.07.31"]
[SourceVersion "1"]
[SourceVersionDate "2023.07.31"]
[SourceQuality "1"]

1. e4 e5 2. Nf3 Nc6 3. Bb5 a6 4. Ba4 Nf6 5. 0-0 Be7 6. d3 b5 7. Bb3 d6 8. Bd2 0-0 9. h3 Be6 10. Nc3 Na5 11. Bxe6 fxe6 12. Ne2 Nc6 13. Ng3 Qe8 14. c3 Nh5 15. Nxh5 Qxh5 16. a4 Qg6 17. axb5 axb5 18. Rxa8 Rxa8 19. Qb3 Rb8 20. Ra1 Bd8 21. Ra6 Ne7 22. c4 Nc8 23. c5 Be7 24. Ba5 Qh6 25. Bxc7 1-0

[Event "Budapest Vezerkepzo Pentecost GM1"]
[Site "Budapest"]
[Date "2023.05.22"]
[Round "5"]
[White "Gaal, Zsoka"]
[Black "Dudin, Gleb"]
[Result "0-1"]
[WhiteElo "2308"]
[BlackElo "2475"]
[PlyCount "62"]
[EventDate "2023.05.18"]
[EventType "tourn"]
[EventRounds "9"]
[EventCountry "HUN"]
[EventCategory "6"]
[SourceTitle "CBM 214 Extra"]
[Source "ChessBase"]
[SourceDate "2023.07.31"]
[SourceVersion "1"]
[SourceVersionDate "2023.07.31"]
[SourceQuality "1"]

1. d4 Nf6 2. c4 c6 3. Nf3 d5 4. e3 Bf5 5. Nc3 e6 6. Nh4 Bg6 7. Bd2 Nbd7 8. Nxg6 hxg6 9. Qc2 Bd6 10. 0-0-0 Qe7 11. f4 Bb4 12. Bd3 0-0 13. a3 Bxc3 14. Bxc3 a5 15. c5 b6 16. cxb6 Nxb6 17. h4 Ng4 18. Qd2 Na4 19. Bxa5 c5 20. Bc2 Nxb2 21. Kxb2 Rfb8+ 22. Kc1 Rb5 23. Bc3 Rxa3 24. h5 c4 25. Qe1 Nf6 26. hxg6 Ra2 27. Rh8+ Kxh8 28. Qh4+ Kg8 29. Rh1 Qa3+ 30. Kd1 Rb1+ 31. Bxb1 Qb3+ 0-1